[Event "Let's Play Chess!"]
[Site "http://www.queenalice.com/game.php?id=763676"]
[Date "2010.4.20"]
[Round "-"]
[White "fortuna"]
[Black "lfirpo"]
[Result "0-1"]
[WhiteElo "1249"]
[BlackElo "1503"]

1. Nc3 e5 2. Nb5 a6 3. a4 axb5 4. c3 Bc5 5. a5 Qf6 6. e3 d6 7. Bxb5+ Bd7 8. Qa4
c6 9. Bc4 b5 10. b3 bxa4 11. bxa4 Ne7 12. Nf3 O-O 13. h4 d5 14. Bb3 h6 15. d4
exd4 16. cxd4 Bb4+ 17. Ke2 Na6 18. Rb1 Bf5 19. Rb2 Bc3 20. Ra2 Nb4 21. Ra3 Bd3+
22. Kd1 Qg6 23. Rg1 Be2+ 24. Kxe2 Qd3# 0-1

[Event "Challenge"]
[Site "http://www.queenalice.com/game.php?id=767960"]
[Date "2010.4.29"]
[Round "-"]
[White "drglaucoprado"]
[Black "fortuna"]
[Result "1-0"]
[WhiteElo "1462"]
[BlackElo "1307"]

1. g3 e5 2. Nf3 d6 3. d4 e4 4. Nh4 b6 5. f3 Bb7 6. Bg2 g5 7. Nf5 h5 8. fxe4 h4
9. gxh4 gxh4 10. O-O Rh7 11. e5 d5 12. b3 a5 13. Qe1 Rh5 14. Ba3 Bc8 15. Bxf8
Kxf8 16. Ne3 h3 17. Bxd5 Ra7 18. Qf2 Rg5+ 19. Kh1 c6 20. Bxf7 Rg7 21. Bxg8+ Kxg8
22. Nf5 Raf7 23. e4 Nd7 24. e6 Rf6 25. exd7 Bxd7 26. Qh4 Bxf5 27. Rxf5 Rgf7 28.
Rxf6 Qxf6 29. Qxf6 Rxf6 30. Nc3 Kg7 31. d5 c5 32. e5 Rf3 33. Ne2 Re3 34. Ng1 Kg6
35. Rd1 Kg5 36. e6 Kg4 37. d6 Rxe6 38. d7 a4 39. d8=Q Re3 40. Rd3 Re4 41. Rg3+
Kf4 42. Rxh3 Rd4 43. Qxb6 Kg4 44. Qxc5 Rd1 45. Rg3+ Kf4 46. Qe3+ Kf5 47. Rf3+
Kg4 48. Qf4+ Kh5 49. Qf5+ Kh6 50. Rh3+ Kg7 51. Rg3+ Kh6 52. Qg5+ Kh7 53. Qh5#
1-0

[Event "Challenge"]
[Site "http://www.queenalice.com/game.php?id=768910"]
[Date "2010.5.1"]
[Round "-"]
[White "Vanessahermosa"]
[Black "fortuna"]
[Result "1-0"]
[WhiteElo "1368"]
[BlackElo "1305"]

1. e4 g6 2. Qf3 Bg7 3. Bc4 Nh6 4. d3 e6 5. Nh3 Rf8 6. Qf4 f5 7. e5 b6 8. Ng5 Bb7
9. Nxh7 Rf7 10. Qe3 Nc6 11. c3 Nxe5 12. Qh3 d5 13. Bxh6 dxc4 14. Bxg7 Nxd3+ 15.
Kf1 Qd6 16. Bf8 Qf4 17. f3 O-O-O 18. Nd2 b5 19. Bb4 Rdd7 20. Nf8 c5 21. Nxe6
Qxd2 22. Qh8+ Rd8 23. Qxd8# 1-0

[Event "Let's Play Chess!"]
[Site "http://www.queenalice.com/game.php?id=770352"]
[Date "2010.5.4"]
[Round "-"]
[White "Elienay"]
[Black "fortuna"]
[Result "1-0"]
[WhiteElo "1490"]
[BlackElo "1300"]

1. e4 e5 2. Bc4 Nh6 3. Qh5 Bb4 4. Qxe5+ Be7 5. Qxg7 Bf6 6. Qxh6 Ke7 7. Nc3 Qg8
8. Nd5+ Ke8 9. Nxf6+ Ke7 10. Nxg8+ Rxg8 11. Qxh7 Rf8 12. b4 a5 13. c3 axb4 14.
cxb4 Ra4 15. Nf3 Rxb4 16. Ba3 Nc6 17. Bxb4+ Nxb4 18. Rb1 Nd3+ 19. Bxd3 d6 20. e5
d5 21. Nd4 Ke8 22. Rb5 c6 23. Ra5 Ke7 24. e6 c5 25. Rxc5 Bxe6 26. Rc7+ Kd6 27.
Rxb7 Kc5 28. Nxe6+ 1-0

[Event "Let's Play Chess!"]
[Site "http://www.queenalice.com/game.php?id=770465"]
[Date "2010.5.4"]
[Round "-"]
[White "fortuna"]
[Black "Racey"]
[Result "0-1"]
[WhiteElo "1288"]
[BlackElo "1339"]

1. g3 d5 2. d4 Nf6 3. Bf4 Nc6 4. Bg2 b5 5. a4 b4 6. Qd2 Ba6 7. Nf3 Ne4 8. Qc1 h5
9. O-O f5 10. Rd1 Na5 11. c3 Nb3 12. Qe3 Nxa1 13. cxb4 e6 14. Na3 Bxb4 15. Ne5
g5 16. Rxa1 gxf4 17. gxf4 Bd2 18. Qd3 Bxd3 19. exd3 Ng5 20. fxg5 Bxg5 21. Nb5 a5
22. Rc1 Bxc1 23. b3 c6 24. Nc3 Bb2 25. Nd1 Bxd4 26. Nxc6 Qb6 27. Nxd4 Qxd4 28.
Ne3 Qxd3 29. h3 Qxb3 30. Nxd5 Qxa4 31. Nf6+ Kf7 32. Nd5 exd5 33. Kf1 Qc4+ 34.
Kg1 Rhg8 0-1

[Event "Let's Play Chess!"]
[Site "http://www.queenalice.com/game.php?id=770956"]
[Date "2010.5.5"]
[Round "-"]
[White "fortuna"]
[Black "Aldino"]
[Result "0-1"]
[WhiteElo "1307"]
[BlackElo "2090"]

1. e4 e5 2. Qf3 Nc6 3. Bc4 Nf6 4. d3 Nd4 5. Qd1 d6 6. Bg5 h6 7. c3 Ne6 8. Bb5+
c6 9. Bc4 hxg5 10. Nf3 d5 11. Bb3 Nc5 12. Nxe5 Be6 13. c4 dxe4 14. d4 Nxb3 15.
axb3 Bb4+ 16. Ke2 Qc7 17. g3 Bd6 18. Nxf7 Bg4+ 19. f3 Bxf3+ 20. Ke3 Bxd1 21.
Rxd1 Qxf7 22. d5 Bc5+ 23. Ke2 Rxh2+ 24. Ke1 Bf2+ 25. Ke2 Qh5+ 26. Kd2 Bxg3+ 27.
Kc3 Qf3+ 28. Rd3 Qxd3+ 29. Kb4 Rxb2 30. Ra3 Be1+ 31. Kc5 Nd7+ 32. Kd6 Bb4+ 33.
Kc7 Bxa3 34. Nxa3 Qxb3 0-1

[Event "Challenge"]
[Site "http://www.queenalice.com/game.php?id=771121"]
[Date "2010.5.5"]
[Round "-"]
[White "Vanessahermosa"]
[Black "fortuna"]
[Result "0-1"]
[WhiteElo "1415"]
[BlackElo "1263"]

1. e4 e5 2. d3 d6 3. Qf3 c5 4. Nc3 Qa5 5. Bd2 Qb4 6. b3 Nf6 7. a3 Qb6 8. Be2 Bg4
9. Qg3 Bh5 10. Nh3 g6 11. Ng5 Nbd7 12. a4 O-O-O 13. Nxf7 Be7 14. Nxd8 Bxd8 15.
Nb5 a6 16. Nc3 Rf8 17. Nd5 Nxd5 18. Bxh5 gxh5 19. Bh6 Rf6 20. Bg5 Rg6 21. Qh4
Rxg5 22. Qh3 Qb4+ 23. Kd1 Ba5 24. Kc1 Qd2+ 25. Kb1 Nc3+ 26. Kb2 Ne2 27. Kb1 Nd4
28. Ra2 Qxf2 29. c3 Qf7 30. cxd4 Qxb3+ 31. Rb2 Qxa4 32. d5 Bc3 33. Ra2 Qb3+ 34.
Kc1 Qxa2 35. Qe3 Rxg2 36. Kd1 Qc2# 0-1

[Event "Let's Play Chess!"]
[Site "http://www.queenalice.com/game.php?id=771452"]
[Date "2010.5.6"]
[Round "-"]
[White "fortuna"]
[Black "ReiNato"]
[Result "0-1"]
[WhiteElo "1307"]
[BlackElo "1824"]

1. e4 c6 2. b3 e6 3. Bb2 Ne7 4. Qf3 Ng6 5. d4 Be7 6. d5 O-O 7. Nc3 exd5 8. exd5
Bf6 9. Na4 Bxb2 10. Nxb2 Qa5+ 11. c3 cxd5 12. Ne2 Nc6 13. h4 Qa3 14. h5 Nge5 15.
Qf5 Qxb2 16. Rb1 Qxa2 17. h6 d6 18. Qg5 Qxb1+ 19. Nc1 g6 20. g3 Nf3+ 0-1

[Event "KILO VI"]
[Site "http://www.queenalice.com/game.php?id=774832"]
[Date "2010.5.13"]
[Round "-"]
[White "rogeriooliveira"]
[Black "fortuna"]
[Result "1-0"]
[WhiteElo "1571"]
[BlackElo "1247"]

1. e4 e5 2. d4 f6 3. d5 g6 4. Nc3 Bb4 5. a3 Bxc3+ 6. bxc3 d6 7. Nf3 b6 8. Bb5+
Kf8 9. O-O a6 10. Be2 f5 11. exf5 a5 12. Bg5 Qe8 13. Nh4 gxf5 14. Bc4 a4 15. Re1
h6 16. Bd2 h5 17. Bg5 Ra5 18. Bd3 Rxd5 19. c4 Rd4 20. Be3 Rxh4 21. h3 1-0

[Event "Challenge"]
[Site "http://www.queenalice.com/game.php?id=782490"]
[Date "2010.5.29"]
[Round "-"]
[White "drglaucoprado"]
[Black "fortuna"]
[Result "1-0"]
[WhiteElo "1464"]
[BlackElo "1287"]

1. d4 e6 2. Na3 Bxa3 3. bxa3 b6 4. Bb2 Nf6 5. g4 Nxg4 6. f3 Qh4+ 7. Kd2 Nf2 8.
Qe1 Qg5+ 9. f4 Qxf4+ 10. e3 Ne4+ 11. Kd3 Ba6+ 12. c4 b5 13. Kc2 Nf2 14. Nh3 Qe4+
15. Kc3 Nxh1 16. Bd3 b4+ 17. axb4 Qg4 18. Qxh1 Bb7 19. Qxb7 Nc6 20. Qxa8+ Nd8
21. Nf2 Qh5 22. h3 e5 23. Qxa7 c6 24. b5 g5 25. bxc6 Nxc6 26. Qa8+ Nd8 27. c5
Rg8 28. Bb5 Rg6 29. Qc8 Rc6 30. Bxc6 dxc6 31. dxe5 Qe2 32. Rd1 Qxe3+ 33. Kb4
Qf4+ 34. Ka5 Kf8 35. Rxd8+ Kg7 36. Qg4 Qf6 37. exf6+ 1-0

[Event "Challenge"]
[Site "http://www.queenalice.com/game.php?id=782568"]
[Date "2010.5.29"]
[Round "-"]
[White "claudius46"]
[Black "fortuna"]
[Result "0-1"]
[WhiteElo "1346"]
[BlackElo "1254"]

1. e4 e5 2. Qf3 Qf6 3. Qxf6 Nxf6 4. f3 a5 5. Nc3 a4 6. Nb5 Bd6 7. Ne2 Ra5 8.
Nxd6+ cxd6 9. d3 h6 10. Bd2 Rc5 11. Bb4 Rc6 12. Ng3 Rxc2 13. Nf5 Rc6 14. Nxg7+
Ke7 15. Nf5+ Kd8 16. Nxd6 Na6 17. Nxf7+ Ke8 18. Nxh8 Nxb4 19. g4 Nc2+ 20. Ke2
Nxa1 21. Bh3 Nc2 22. Kd2 d6 23. Rg1 Nd4 24. Rg3 Rc2+ 25. Kd1 Rxb2 26. Kc1 Rxa2
27. Kb1 Rxh2 28. Bg2 Ne2 29. Rh3 Rxg2 30. Rxh6 Ng8 31. Rxd6 Rg1+ 32. Kb2 Ke7 33.
Rd5 Ke6 34. Ra5 Bd7 35. Ra7 Nd4 36. Rxb7 Rg2+ 37. Kc3 Rc2+ 38. Kb4 Rb2+ 39. Ka3
Rxb7 40. g5 Rb3+ 41. Ka2 Be8 42. g6 Nxf3 43. d4 Nxd4 44. g7 Kf6 45. Nf7 Kxf7 46.
Ka1 Kxg7 47. Ka2 Nf6 48. Ka1 Bf7 49. Ka2 Nxe4 50. Ka1 Kg6 51. Ka2 Nc3+ 52. Ka1
Rb1# 0-1

[Event "Challenge"]
[Site "http://www.queenalice.com/game.php?id=782569"]
[Date "2010.5.29"]
[Round "-"]
[White "fortuna"]
[Black "claudius46"]
[Result "1-0"]
[WhiteElo "1277"]
[BlackElo "1346"]

1. e4 e5 2. c3 Qf6 3. f3 Ne7 4. b3 b6 5. Bb2 Nbc6 6. c4 Ng6 7. g3 Nge7 8. f4 Nd4
9. Bc3 exf4 10. g4 Nec6 11. b4 Nxb4 12. Na3 Qe5 13. d3 Bb7 14. Bg2 Nbc2+ 15.
Nxc2 Be7 16. Bxd4 Bh4+ 17. Kd2 Qa5+ 18. Bc3 Qc5 19. Rb1 Qf2+ 20. Ne2 Qxg2 21.
Rg1 Qh3 22. Bxg7 Rg8 23. Nxf4 Qxh2+ 24. Ne2 Rxg7 25. Ne3 Rg6 26. Rg2 Qh3 27. d4
Bg5 28. Rg3 Qh2 29. Rb5 Rf6 30. Rxg5 Kf8 31. Rh5 Qf2 32. Rf5 Rh6 33. Rh5 Rd6 34.
d5 c6 35. Rf5 Qh2 36. Qf1 Qh6 37. Rxf7+ Kg8 38. Rgf3 Ba6 39. Nf4 Rf6 40. Nh5
Rxf3 41. Rxf3 b5 42. c5 b4 43. Qxa6 Qg5 44. Nf6+ Kg7 45. Nh5+ Kh8 46. Nf6 Qg7
47. e5 Qf8 48. dxc6 Qxc5 49. Rh3 Qxc6 50. Rxh7# 1-0

[Event "Let's Play Chess!"]
[Site "http://www.queenalice.com/game.php?id=782571"]
[Date "2010.5.29"]
[Round "-"]
[White "fortuna"]
[Black "Viper3910"]
[Result "0-1"]
[WhiteElo "1267"]
[BlackElo "1813"]

1. e4 e5 2. d3 Bc5 3. b3 d6 4. g3 Qf6 5. Be3 Bxe3 6. Nf3 Bb6 7. c4 Bg4 8. Bg2
Nh6 9. h3 Bxf3 10. Bxf3 Nc6 11. O-O Nd4 12. Bg2 O-O-O 13. a4 Ba5 14. Na3 a6 15.
g4 Bb6 16. b4 a5 17. b5 g6 18. f4 Nxb5+ 19. c5 Bxc5+ 20. Kh1 Nxa3 21. g5 Qg7 22.
gxh6 Qxh6 23. f5 g5 24. Qd2 Bb4 25. Qc1 Qh4 26. Rxa3 Bxa3 27. Qxa3 h5 28. Rc1 g4
29. Qc3 Rd7 30. Kh2 Rg8 31. Qxa5 Kb8 32. Qb5 c6 33. Rxc6 g3+ 34. Kg1 Qd8 35. a5
Ka7 36. h4 bxc6 37. Qxc6 Qc7 38. Qd5 Qc5+ 39. Qxc5+ dxc5 0-1

[Event "Challenge"]
[Site "http://www.queenalice.com/game.php?id=784767"]
[Date "2010.6.2"]
[Round "-"]
[White "fortuna"]
[Black "JOTA_CALAMAR"]
[Result "0-1"]
[WhiteElo "1249"]
[BlackElo "1601"]

1. e4 e5 2. Qf3 Nf6 3. b4 Bxb4 4. Bc4 d6 5. a3 Ba5 6. a4 O-O 7. Bb2 Bg4 8. Qb3
Nxe4 9. c3 Bb6 10. f3 Nf2 11. a5 Nxh1 12. fxg4 Bxg1 13. a6 Nxa6 14. d4 exd4 15.
cxd4 c5 16. d5 Bf2+ 17. Kf1 Qe8 18. Bc3 b6 19. g3 Bd4 20. Bxa6 Qe3 21. Ra2 Qg1+
22. Ke2 Qe3+ 23. Kd1 Nf2+ 24. Kc2 Bxc3 25. Nxc3 Nxg4 0-1

[Event "Challenge"]
[Site "http://www.queenalice.com/game.php?id=785707"]
[Date "2010.6.4"]
[Round "-"]
[White "lordmago"]
[Black "fortuna"]
[Result "1-0"]
[WhiteElo "1410"]
[BlackElo "1299"]

1. e4 e5 2. Nf3 Qf6 3. d3 Bc5 4. Nc3 Nc6 5. Nd5 Qd6 6. c3 f5 7. b4 a5 8. bxc5
Qxc5 9. Nxc7+ Kf8 10. Nxa8 Nd8 11. a4 b6 12. Ba3 Qxa3 13. Rxa3 fxe4 14. dxe4 h5
15. Qd6+ Ne7 16. Nxe5 Ke8 17. Nxb6 h4 18. Nxc8 Nxc8 19. Qxd7+ Kf8 20. Qxd8# 1-0

[Event "Challenge"]
[Site "http://www.queenalice.com/game.php?id=788559"]
[Date "2010.6.11"]
[Round "-"]
[White "betogroo"]
[Black "fortuna"]
[Result "1-0"]
[WhiteElo "1317"]
[BlackElo "1274"]

1. e4 e5 2. Nf3 d6 3. Nc3 a5 4. Bc4 a4 5. Nd5 c6 6. Nb4 h5 7. d3 c5 8. Nd5 Be6
9. Ng5 f6 10. Nxe6 Qd7 11. Nec7+ Kd8 12. Nxa8 Nc6 13. Qxh5 Rxh5 14. Ndb6 Qe7 15.
Nd5 Qe8 16. Nac7 Qg6 17. Ne6+ Kd7 18. Nxf8+ 1-0

[Event "Challenge"]
[Site "http://www.queenalice.com/game.php?id=792665"]
[Date "2010.6.20"]
[Round "-"]
[White "cass"]
[Black "fortuna"]
[Result "1-0"]
[WhiteElo "1689"]
[BlackElo "1254"]

1. e4 e5 2. d4 d6 3. Be2 c6 4. Nf3 h5 5. O-O a5 6. a4 f6 7. Nh4 f5 8. Ng6 Rh7 9.
Nxf8 Kxf8 10. Bxh5 Nf6 11. Bg6 Rh4 12. dxe5 Nxe4 13. Qf3 1-0

[Event "Challenge"]
[Site "http://www.queenalice.com/game.php?id=792666"]
[Date "2010.6.20"]
[Round "-"]
[White "fortuna"]
[Black "cass"]
[Result "0-1"]
[WhiteElo "1254"]
[BlackElo "1691"]

1. d4 d5 2. f4 e6 3. h4 Nf6 4. h5 h6 5. a4 Ne4 6. a5 Ng3 7. Rh3 Nxf1 8. Kxf1 e5
9. fxe5 Bxh3 10. Nxh3 Nc6 0-1

[Event "Challenge"]
[Site "http://www.queenalice.com/game.php?id=793570"]
[Date "2010.6.22"]
[Round "-"]
[White "fortuna"]
[Black "OsirBon"]
[Result "0-1"]
[WhiteElo "1265"]
[BlackElo "1565"]

1. d4 Nf6 2. d5 e5 3. dxe6 fxe6 4. e4 Nxe4 5. Qd4 d5 6. Nh3 Rg8 7. f3 Nf6 8. Bg5
h6 9. Bd2 c5 10. Qe5 Bd6 11. Qe3 e5 12. b4 c4 13. b5 d4 14. Qe2 c3 15. Bc1 Bxh3
16. gxh3 Nh5 17. f4 Nxf4 18. Qg4 Qf6 19. Bc4 Ng2+ 20. Qxg2 Qh4+ 21. Qf2 Qe4+ 22.
Kf1 Qxh1+ 23. Ke2 Rf8 24. Qh4 Qf1# 0-1

[Event "Let's Play Chess!"]
[Site "http://www.queenalice.com/game.php?id=794781"]
[Date "2010.6.25"]
[Round "-"]
[White "fortuna"]
[Black "Matrim"]
[Result "0-1"]
[WhiteElo "1261"]
[BlackElo "1988"]

1. b4 e5 2. g4 d5 3. Bg2 Bxb4 4. c3 Bc5 5. Ba3 Bxa3 6. Nxa3 Bxg4 7. f3 Bh5 8. h4
Qe7 9. Qb3 Nf6 10. O-O-O b6 0-1

[Event "Vamos jogar?"]
[Site "http://www.queenalice.com/game.php?id=795502"]
[Date "2010.6.27"]
[Round "-"]
[White "fortuna"]
[Black "carlosufpe"]
[Result "0-1"]
[WhiteElo "1259"]
[BlackElo "1420"]

1. e4 e5 2. d3 d6 3. d4 Nc6 4. d5 Nce7 5. Nc3 c6 6. h4 Nf6 7. Bg5 cxd5 8. exd5
Qa5 9. Bb5+ Bd7 10. a4 Bxb5 11. axb5 Qb6 12. h5 O-O-O 13. h6 g6 14. Bxf6 Rg8 15.
Qg4+ Kb8 16. Ne4 Rc8 17. O-O-O Qxb5 18. Nxd6 Bxh6+ 19. f4 Rxc2+ 0-1